| 000 -LEADER |
| fixed length control field |
00798nam a2200181 a 4500 |
| 020 ## - INTERNATIONAL STANDARD BOOK NUMBER |
| ISBN |
9024727650 |
| 040 ## - CATALOGING SOURCE |
| Transcribing agency |
DLC |
| 082 ## - DEWEY DECIMAL CLASSIFICATION NUMBER |
| Classification number |
333 DIS 1983 C143 Or. |
| 245 10 - TITLE STATEMENT |
| Title |
Environmental impact assessment / |
| 260 ## - PUBLICATION, DISTRIBUTION, ETC. (IMPRINT) |
| Place of publication |
Boston : |
| Name of publisher |
M. Nijhoff ; |
| Place of publication |
Hingham, MA : |
| Name of publisher |
Distributors for the U.S. and Canada, Kluwer Boston, |
| Year of publication |
1983 |
| 300 ## - PHYSICAL DESCRIPTION |
| Number of Pages |
xii, 439 p. : |
| Other physical details |
ill. ; |
| Dimensions |
25 cm |
| 490 1# - SERIES STATEMENT |
| Series statement |
NATO ASI series. Series D, Behavioural and social sciences |
| 500 ## - GENERAL NOTE |
| General note |
"Proceedings of the NATO Advanced Study Institute on Environmental Impact Assessment, Chateau de Bonas, Toulouse, France, August 30 - September 12, 1981"--T.p. verso |
| 500 ## - GENERAL NOTE |
| General note |
"Published in cooperation with NATO Scientific Affairs Division." |
| 650 #0 - SUBJECT ADDED ENTRY--TOPICAL TERM |
| Topical Term |
Environmental impact analysis |
| 710 20 - ADDED ENTRY--CORPORATE NAME |
| Corporate name or jurisdiction name as entry element |
University of Aberdeen. |
| 942 ## - ADDED ENTRY ELEMENTS (KOHA) |
| Koha item type |
ADB |
| 952 ## - LOCATION AND ITEM INFORMATION (KOHA) |
| Withdrawn status [LOCAL, KOHA] |
0 |